Edad de oro en la promoción del deporte 1973 - 1977
Publicado:
San Jorge, núm. 101 - 102 (setembre 1977), pàg 81 - 82 :
MARC
| LEADER | 00000nam a2200000Ia 4500 | ||
|---|---|---|---|
| 001 | |||
| 008 | 160829s9999 xx 000 0 cat d | ||
| 245 | |a Edad de oro en la promoción del deporte 1973 - 1977 | ||
| 260 | |a San Jorge, núm. 101 - 102 (setembre 1977), pàg 81 - 82 | ||
| 650 | |a Promoció esportiva |9 42951 | ||
| 650 | |a Trofeu Sant Jordi |9 42952 | ||
| 650 | 0 | |a Esports |z Barcelona (Catalunya : Província) |9 34361 | |
| 901 | |a Arxiu | ||
| 942 | |n 1 | ||
| 952 | |0 0 |1 0 |4 0 |7 1 |9 51106 |a Arxiu |b Arxiu |d 2016-12-01 |l 0 |r 2016-12-01 00:00:00 |w 2016-12-01 |y ARXIU | ||
| 999 | |c 54949 |d 54949 | ||